Zázraky se (skoro) dějí

Oboznámenie sa s najnovším textovým editorom Microsoftu Word for Windows, verzie 6.0 v českom jazyku.

Gespeichert in:
Bibliographische Detailangaben
1. Verfasser: Maniš, M.
Format: Buchkapitel
Sprache:Tschechisch
Schlagworte:
Tags: Tag hinzufügen
Keine Tags, Fügen Sie das erste Tag hinzu!

MARC

LEADER 00000naa a2200000 4500
001 r023979
005 20221213083200.0
041 0 |a cze 
044 |a CZ 
245 1 0 |a Zázraky se (skoro) dějí  |c M. Maniš 
520 |a Oboznámenie sa s najnovším textovým editorom Microsoftu Word for Windows, verzie 6.0 v českom jazyku. 
610 2 0 |a využitie počítačov 
610 2 0 |a softvér 
610 2 0 |a Word for Windows 6.0 CZ 
610 2 0 |a programy počítačové 
100 1 |a Maniš, M.